书目信息 |
| 题名: |
唐代宗
|
|
| 作者: | 郑显文 , 景有泉 著 | |
| 分册: | ||
| 出版信息: | 长春 吉林文史出版社 1995.09 |
|
| 页数: | 194页 | |
| 开本: | 20cm | |
| 丛书名: | 唐帝列传 | |
| 单 册: | ||
| 中图分类: | K827.42 | |
| 科图分类: | ||
| 主题词: | 皇帝--列传--中国--唐代 | |
| 电子资源: | ||
| ISBN: | 7-80626-019-6 | |
| 000 | 00877cam2 2200289 45 | |
| 001 | 0197000001 | |
| 005 | 20070529101859.19 | |
| 010 | @a7-80626-019-6@dCNY16.80 | |
| 100 | @a19971202d1996 em y0chiy0121 ea | |
| 101 | 0 | @achi |
| 102 | @aCN@b220100 | |
| 105 | @af z 000yb | |
| 200 | 1 | @a唐代宗@ATang Dai Zong@f刘希为,景有泉著@FLiu Xi Wei , Jing You Quan Zhu |
| 210 | @a长春@c吉林文史出版社@d1995.09 | |
| 215 | @a194页@c照片@d20cm | |
| 225 | 2 | @a唐帝列传 |
| 304 | @a刘希为(1944- ),徐州师范大学历史系教授. | |
| 304 | @a景有泉(1966- ),东北师范大学历史系副教授. | |
| 410 | 0 | @120010@a唐帝列传 |
| 600 | 0 | @a唐代宗@x传记 |
| 606 | @a皇帝@x列传@y中国@y唐代 | |
| 690 | @aK827.42@v4 | |
| 701 | 0 | @a郑显文@AZheng Xian Wen@4著 |
| 701 | 0 | @a景有泉@AJing You Quan@4著 |
| 801 | 0 | @aCN@b广东省中山图书馆@c20070529 |
| 905 | @aBZT@dK827.42@e106 | |
| 906 | @dCNY16.80@n0@r1 | |
| 唐代宗/刘希为,景有泉著.-长春:吉林文史出版社,1995.09 |
| 194页:照片;20cm.-(唐帝列传) |
| ISBN 7-80626-019-6:CNY16.80 |
| ● |
| 相关链接 |
|
|
|
正题名:唐代宗
索取号:K827.42/106
 
预约/预借
| 序号 | 登录号 | 条形码 | 馆藏地/架位号 | 状态 | 备注 |
| 1 | 530559 | 230126517 | 中心书库南/017架A面5层4列/ [索取号:K827.42/106] | 在馆 | |
| 2 | 530560 | 230126516 | 中心书库南/017架A面5层4列/ [索取号:K827.42/106] | 在馆 | |
| 3 | 530561 | 230126515 | 中心书库南/017架A面5层4列/ [索取号:K827.42/106] | 在馆 | |
| 4 | 530562 | 230126514 | 中心书库南/017架A面5层4列/ [索取号:K827.42/106] | 在馆 | |
| 5 | 530563 | 230126513 | 中心书库南/017架A面5层4列/ [索取号:K827.42/106] | 在馆 | |
| 6 | 530564 | 230126512 | 中心书库南/017架A面5层4列/ [索取号:K827.42/106] | 在馆 | |
| 7 | 530565 | 230126511 | 中心书库南/017架A面5层4列/ [索取号:K827.42/106] | 在馆 | |
| 8 | 530566 | 230126510 | 中心书库南/017架A面5层4列/ [索取号:K827.42/106] | 在馆 | |
| 9 | 530567 | 230126509 | 中心书库南/017架A面5层4列/ [索取号:K827.42/106] | 在馆 | |
| 10 | 530568 | 230126508 | 中心书库南/017架A面5层4列/ [索取号:K827.42/106] | 在馆 | |
| 11 | 552128 | 230114982 | 中心书库南/017架A面5层4列/ [索取号:K827.42/106] | 在馆 | |
| 12 | 552129 | 230114981 | 中心书库南/017架A面5层4列/ [索取号:K827.42/106] | 在馆 | |
| 13 | 552130 | 230114980 | 中心书库南/017架A面5层4列/ [索取号:K827.42/106] | 在馆 | |
| 14 | 552131 | 230114979 | 中心书库南/017架A面5层4列/ [索取号:K827.42/106] | 在馆 | |
| 15 | 552132 | 230114978 | 中心书库南/017架A面5层4列/ [索取号:K827.42/106] | 在馆 |